Deutsche Nordfrieische Inseln - Sudden Death - Statistiken

Allgemein
  • Dieses Quiz wurde 124 mal gespielt
  • Das Durchschnittsergebnis liegt bei 3 aus 6
Answers on the Grid
Answers color-coded by a green-red scale on the quiz's grid according to % correct below.
Amrum
Baltrum
Ceylon
Faröer
Fehmarn
Föhr
Gotland
Helgoland
Herreninsel
Java
Madagaskar
Norderney
Nordstrand
Pellworm
Poel
Rügen
Spiekeroog
Sylt
Texel
Usedom
Uthörn
 
Antwortstatistiken
Antwort % Korrekt
Amrum
84%
Sylt
51%
Föhr
46%
Pellworm
35%
Nordstrand
32%
Uthörn
15%
Keine übereinstimmenden Quizze gefunden
Verteilung der Resultate
Anzahl Personen mit jedem Resultat
Perzentil nach korrekt beantworteten Fragen
Ihre Resultats-Entwicklung
Sie haben dieses Quiz noch nicht gespielt